000 00813nam a2200253 a 4500
008
020 _a0849335922 (hbk.)
049 _aMAIN
090 _aQA76.76.R47
_bJAR
100 1 _aJarzabek,Stanislaw.
245 1 0 _aEffective software maintenance and evolution :
_bA Reuse-Based Approach /
_cStanislaw Jarzabek.
260 _aNew York :
_bAuerbach Publications,
_c2007.
300 _axxv, 392 p. :
_bill. ;
_c24 cm.
504 _a Includes bibliographical references.
500 _aIncludes index.
650 _aSoftware reengineering.
650 _aSoftware maintenance.
650 _aComputer software--Reusability.
907 _a.b10283535
_b23-07-12
_c17-09-10
003
005 20230123125045.0
040 _cNUST
942 _cBOOKS
_kQA76.76.R47
_mJAR
999 _c134953
_d134953